000 00983nam a2200205 i 4500
001 162766
003 ES-MaACL
005 20230906212611.0
008 951121m18611862fr |||| | fre d
080 _a821.134.2.09"12/14"
100 1 _aPuymaigre, Théodore Boudet
_cComte.
_9147926
245 1 0 _aLes vieux auteurs castillans /
_cpar le Comte Th. de Puymaigre.
260 _aParis :
_bDidier et Cie.,
_c1861-1862.
300 _a2 v. (XIV, 490; 494 p.) ;
_c19 cm.
505 8 _aContiene: 1 ;
_tIntroduction, poèmes et chroniques sur le Cid, Apollonius, Gonzalo de Berceo, Lorenzo Segura, Alfonse X (XIV, 490 p.) - 2 ;
_tJuan Manuel, L'Archiprête de Hita, Écrivains divers, Amadis, Ayala, romances historiques, carlovingiens, chevaleresques (494 p.)
510 4 _aPalau,
_c242448
594 _aV. 2 publicado además por: Metz: Rousseau-Pallez.
650 4 _aLiteratura española-
_yHasta S.XV-
_xHistoria y crítica.
_9147212
852 _aES-MaACL
_jG-15314-15
_z- Enc. hol.
999 _c162766
_d162766